00434nam a2200145 a 4500008004100000020001500041050001400056100001900070245008200089250001300171260005000184300002200234350000900256650002300265060316s1990 ||||||||||||||||| || u a0070223378 aT 353 Mec aFrench, Thomas10aMechanical drawing : CAD-communications. (11th ed.) cedited by Thomas French a11th ed. aNew York :bGregg Division, McGraw-Hillc1990 avi, 616 p. : ill. a0.00 aMECHANICAL DRAWING